Finish the Famous Dumbledore Quote Quiz Stats

 Plays Quiz Updated Aug 1, 2018

Challenge
Share
Tweet
Embed
Score 0/21 Timer 05:00
8 Plays Today
% Correct
Time
96.8%
Cloaks
96.7%
Friends
96.6%
It
96.6%
Train
96.6%
Divided
96.4%
Young
95.9%
Words
95.6%
Underground
95.6%
Doing
95.5%
Trouble
95.1%
% Correct
League
95%
Live
94.6%
Indeed
94.6%
More
94.5%
Accidentally
93.6%
In
93.2%
Love
93.1%
You
89%
Abilities
87.2%
Recovery
86.1%

You're not logged in!

Compare scores with friends on all Sporcle quizzes.
Join for Free
OR
Log In

You Might Also Like...

Show Comments

Extras

Top Quizzes Today


Score Distribution

Your Account Isn't Verified!

In order to create a playlist on Sporcle, you need to verify the email address you used during registration. Go to your Sporcle Settings to finish the process.

Report this User

Report this user for behavior that violates our Community Guidelines.

Details: